000 00429cam a22001457a 4500
008 180718b1980 xxu||||| |||| 00| 0 eng d
082 _aB136x5444 Se36
100 _aSeetharamu, A.S.
245 _aEducation and rural development
_cby A.S. Seetharamu
260 _aNew Delhi
_bAshish
_c1980
300 _a303p.
500 _aRs.85.00
650 _aAgriculture, Education - India
650 _aRural Development - India - Karnataka
999 _c353958
_d353958